Loreto College Library, Kolkata
WEBOPAC (ONLINE PUBLIC ACCESS CATALOGUE)

Meerabai - Padabali (Record no. 18065)

MARC details
000 -LEADER
fixed length control field 00578nam a2200205Ia 4500
008 - FIXED-LENGTH DATA ELEMENTS--GENERAL INFORMATION
fixed length control field 131103s9999 xx 000 0 und d
020 ## - ISBN | অাই এস বি এন
PRICE Rs.70
040 ## - CATALOGING SOURCE
Original cataloging agency Loreto College
041 ## - LANGUAGE CODE
Language code English
082 ## - DDC | ডিউই
Classification number | বর্গসংখ্যা 891.431/MIR
Book Number | গ্রন্থাঙ্ক - SHA LCLIB/HinSemLib523,524,525,526/45352,45353,45354,45355
100 ## - MAIN ENTRY--PERSONAL NAME | মুখ্য সংলেখ - ব্যাক্তিনাম
Personal name | ব্যাক্তিনাম Sharma,Krishnadev
245 ## - TITLE STATEMENT | অাখ্যা বিবরণী
Title | অাখ্যা Meerabai - Padabali
Statement of responsibility | লেখকের দায়িত্বের বিবরণ Krishnadev Sharma
260 ## - IMPRINT | প্রকাশনা ক্ষেত্র
Place of publication | প্রকাশ স্থান Delhi
Name of publisher | প্রকাশকের নাম Remal Book Depo
Date of publication | প্রকাশ কাল 2004
300 ## - PHYSICAL DESCRIPTION |
Page / Vol. No | পৃষ্ঠা / খন্ড সংখ্যা 287 p.
630 ## - SUBJECT ADDED ENTRY--UNIFORM TITLE
Uniform title Meera - Poetry - Hindi
650 ## - SUBJECT ADDED ENTRY--TOPICAL TERM | বিষয় শিরোনাম - মূল বিষয়
Topical term | মূল বিষয় Meerabai
651 ## - SUBJECT ADDED ENTRY--GEOGRAPHIC NAME | বিষয় শিরোনাম - ভৌগলিক নাম
Geographic name | ভৌগলিক বিষয় Hindi - Poetry
850 ## - HOLDING INSTITUTION
Holding institution LCLIB
942 ## - ADDED ENTRY ELEMENTS (KOHA)
Koha item type Books
Holdings
Withdrawn status Lost status Damaged status Not for loan Home library Current library Date acquired Total Checkouts Full call number Accession No. Date last seen Price effective from Koha item type
        Loreto College Loreto College 04/11/2013   891.431/MIR - SHA LCLIB/HinSemLib523,524,525,526/45352,45353,45354,45355 B18588 04/11/2013 04/11/2013 Books
        Loreto College Loreto College 04/11/2013   891.431/MIR - SHA LCLIB/HinSemLib523,524,525,526/45352,45353,45354,45355 B18589 04/11/2013 04/11/2013 Books
        Loreto College Loreto College 04/11/2013   891.431/MIR - SHA LCLIB/HinSemLib523,524,525,526/45352,45353,45354,45355 B18590 04/11/2013 04/11/2013 Books
        Loreto College Loreto College 04/11/2013   891.431/MIR - SHA LCLIB/HinSemLib523,524,525,526/45352,45353,45354,45355 B18591 04/11/2013 04/11/2013 Books